000 00419nam a2200181Ia 4500
008 210210b1949 xxu||||| |||| 00| 0 eng d
041 _aeng
082 _a829/214
100 _aCROMPTON (R)
245 _aWilliam and the Evacuees
260 _aLondon
_bGeorge Newnes Limited
_c1949
650 _aWilliam
650 _athe
650 _aEvacuees
650 _aand
690 _aEnglish Fiction
906 _a016821
999 _c136517
_d136517